Isabelle Chariatte, La Rochefoucauld et la culture mondaine. Portraits du cœur de l’homme . Paris, Classiques Garnier, coll. « Lire le xviiesiècle », 2011. Un vol. de 322 p. (notice n° 1655528)
[ vue normale ]
| 000 -LEADER | |
|---|---|
| fixed length control field | 00654cam a2200145 4500500 |
| 005 - DATE AND TIME OF LATEST TRANSACTION | |
| control field | 20260208010206.0 |
| 041 ## - LANGUAGE CODE | |
| Language code of text/sound track or separate title | fre |
| 042 ## - AUTHENTICATION CODE | |
| Authentication code | dc |
| 100 10 - MAIN ENTRY--PERSONAL NAME | |
| Personal name | Nédelec, Claudine |
| Relator term | author |
| 245 00 - TITLE STATEMENT | |
| Title | Isabelle Chariatte, La Rochefoucauld et la culture mondaine. Portraits du cœur de l’homme . Paris, Classiques Garnier, coll. « Lire le xviiesiècle », 2011. Un vol. de 322 p. |
| 260 ## - PUBLICATION, DISTRIBUTION, ETC. | |
| Date of publication, distribution, etc. | 2015.<br/> |
| 500 ## - GENERAL NOTE | |
| General note | 69 |
| 786 0# - DATA SOURCE ENTRY | |
| Note | Revue d'histoire littéraire de la France | 115 | 3 | 2015-09-30 | p. 709i-758i | 0035-2411 |
| 856 41 - ELECTRONIC LOCATION AND ACCESS | |
| Uniform Resource Identifier | <a href="https://shs.cairn.info/revue-d-histoire-litteraire-de-la-france-2015-3-page-709i?lang=fr&redirect-ssocas=7080">https://shs.cairn.info/revue-d-histoire-litteraire-de-la-france-2015-3-page-709i?lang=fr&redirect-ssocas=7080</a> |
Pas d'exemplaire disponible.




Réseaux sociaux